000 01178nam a2200313 c 4500
003 BLK
005 20221217132227.0
008 180409b bul|||||r ||||||| ||bul||
010 _aKNG00106329000
020 _a954-07-1732-Х
_bиздат.: Унив. изд. Св. Климент Охридски
040 _aBLK
041 _aBUL
_cBUL
080 _aОбща част на наказателното право
_b343.2
_x(075.8)
_z343.2(075.8)
100 1 _aЙотов, Борислав Генов
_eпърви автор
_9252999
139 _aЙотов, Борислав Генов
_bИ 85
245 1 0 _aНаказателно право
_bОбща част
_cБорислав Генов Йотов.
257 _aBGR
260 София
_bУнив. изд. Св. Климент Охридски
_c2002
300 _a260 с.
_c23 см
380 _a3
650 4 _aНаказателно право
_9242940
653 _aнаказателно-процесуално право
653 _aучебници за ВУЗ
852 _aЦб 214959
856 4 _qpdf
_u
856 4 _qpdf
_u
942 _cKNG
_n0
_04
944 _aCR
_c01.01.2002
_kКети_Илиева
944 _aED
_c04.01.2013
_k
999 _c101286
_d101286